000 00515nam a2200169 4500
001 138225
003 ES-MaACL
005 20230906195527.0
007 t|
008 070214s1968 sp r ||||1| spa d
100 1 _aSánchez-Tejero, Medardo.
_9102949
245 1 3 _aLa esperanza en Dios /
_cMedardo Sánchez-Tejero.
260 _aMadrid :
_bEpesa [Ediciones y Publicaciones Españolas],
_c1968.
300 _a116 p. ;
_c17 cm.
650 _aEsperanza-
_xAspectos religiosos.
_912498
852 _aES-MaACL
_jC-34288
999 _c138225
_d138225